000
00294nam a2200133Ia 4500
100
_a
Salas/ S.L./ Hille/ E.
942
_c
BK
654
_a
Calculus
245
_a
Calculus one & several variables
260
_b
John wiley
_a
New York
_c
1990
300
_a
1094
546
_a
ENGLISH
999
_c
30957
_d
30957